[Event "Graz Land-ch"]
[Site "Graz"]
[Date "2014.09.08"]
[Round "1"]
[White "Schuetz, Christian"]
[Black "Poetz, Florian"]
[Result "0-1"]
[WhiteElo "1946"]
[BlackElo "2427"]
[PlyCount "61"]
[EventDate "2014.09.08"]
[EventType "swiss"]
[EventRounds "7"]
[EventCountry "AUT"]
[SourceTitle "CBM 162 Extra"]
[Source "ChessBase"]
[SourceDate "2014.10.17"]
[SourceVersion "1"]
[SourceVersionDate "2014.10.17"]
[SourceQuality "1"]

1. d4 Nf6 2. c4 c5 3. Nf3 cxd4 4. Nxd4 a6 5. g3 Qc7 6. Bg2 Qxc4 7. 0-0 Qc7 8. Nc3 Nc6 9. Bg5 e6 10. Rc1 Be7 11. e4 0-0 12. Re1 d6 13. Kh1 Qb6 14. Nxc6 bxc6 15. Be3 Qc7 16. f4 Bb7 17. g4 Nd7 18. g5 Rfe8 19. f5 Bf8 20. Bf4 Ne5 21. Re3 exf5 22. exf5 Qc8 23. Be4 c5 24. Nd5 Ng4 25. Qxg4 Rxe4 26. Rd1 Rd4 27. Rxd4 cxd4 28. Rh3 Bxd5+ 29. Kg1 Be4 30. Rxh7 Bxf5 31. Rh8+ 0-1

[Event "Vienna Husek op-B"]
[Site "Vienna"]
[Date "2012.08.15"]
[Round "3"]
[White "Sumiya, Tongon"]
[Black "Schuetz, Christian"]
[Result "1/2-1/2"]
[WhiteElo "1600"]
[BlackElo "1966"]
[PlyCount "110"]
[EventDate "2012.08.13"]
[EventType "swiss"]
[EventRounds "7"]
[EventCountry "AUT"]
[SourceTitle "EXT 2014"]
[Source "ChessBase"]
[SourceDate "2013.11.20"]
[SourceVersion "1"]
[SourceVersionDate "2013.11.20"]
[SourceQuality "1"]

1. e4 c5 2. Nf3 Nc6 3. Bb5 Nf6 4. Nc3 a6 5. Be2 d6 6. h3 e5 7. a4 Be7 8. Bc4 0-0 9. d3 Be6 10. Bxe6 fxe6 11. Bd2 Nd7 12. 0-0 Qe8 13. Ne2 Qg6 14. Ng3 Nd4 15. Nxd4 cxd4 16. b4 Rf7 17. c4 dxc3 18. Bxc3 Bh4 19. Qh5 Qxh5 20. Nxh5 Rc8 21. Rac1 Nb6 22. a5 Na4 23. Bd2 Rxc1 24. Bxc1 Nc3 25. Be3 Ne2+ 26. Kh2 Rc7 27. Ng3 Bxg3+ 28. fxg3 Rc3 29. Re1 Nd4 30. Rd1 Rb3 31. Rc1 Rxb4 32. Rc8+ Kf7 33. Rc7+ Kf6 34. h4 h6 35. g4 g5 36. Rh7 Kg6 37. Rd7 Rb3 38. h5+ Kf6 39. Rh7 Ra3 40. Rxh6+ Kf7 41. Bxg5 Rc3 42. Rf6+ Kg8 43. h6 Rc7 44. Bh4 Rf7 45. h7+ Rxh7 46. Kg3 Rf7 47. Rg6+ Kh7 48. Rg5 Ne2+ 49. Kh2 Nc3 50. Rh5+ Kg8 51. Rh6 Nxe4 52. Rxe6 Rh7 53. Re8+ Kf7 54. Re7+ Kg8 55. Re8+ Kf7 1/2-1/2

[Event "Graz-chB"]
[Site "Graz"]
[Date "2012.01.13"]
[Round "1"]
[White "Schuetz, Christian"]
[Black "Koeberl, Christian"]
[Result "1-0"]
[WhiteElo "1976"]
[BlackElo "1653"]
[PlyCount "111"]
[EventDate "2012.01.13"]
[EventType "swiss"]
[EventRounds "7"]
[EventCountry "AUT"]
[SourceTitle "EXT 2013"]
[Source "ChessBase"]
[SourceDate "2012.11.22"]
[SourceVersion "1"]
[SourceVersionDate "2012.11.22"]
[SourceQuality "1"]

1. d4 d5 2. c4 e6 3. Nf3 Nf6 4. g3 dxc4 5. Bg2 Nc6 6. 0-0 Be7 7. Nc3 0-0 8. Bf4 Nh5 9. Be3 Nf6 10. Rc1 Bd7 11. Qc2 Nb4 12. Qb1 Bc6 13. Bg5 b5 14. a3 Nbd5 15. Bxf6 Nxf6 16. e4 Rb8 17. e5 Nd5 18. Ne4 Nb6 19. Rfd1 Bd5 20. h4 Rc8 21. Neg5 g6 22. Qc2 c5 23. dxc5 Rxc5 24. Ne4 Rc8 25. h5 Qc7 26. Nf6+ Bxf6 27. exf6 Nd7 28. Qc3 Qd8 29. hxg6 fxg6 30. Ng5 Qxf6 31. Qe3 Rce8 32. Ne4 Bxe4 33. Bxe4 Nb6 34. Bc6 Nd5 35. Qxa7 Re7 36. Qd4 Qxd4 37. Rxd4 Ref7 38. Rc2 Rc7 39. Bxb5 c3 40. b3 Kf7 41. Bc4 Rd8 42. Rxc3 Nxc3 43. Rxd8 Ne4 44. a4 Nc5 45. a5 Ke7 46. Rd1 Ra7 47. b4 Nb7 48. a6 Nd6 49. Bf1 Nc8 50. b5 Nb6 51. Bg2 Rd7 52. Ra1 Ra7 53. Bb7 Kd6 54. Rc1 Ke5 55. Rc6 Nd5 56. b6 1-0

[Event "Graz-ch"]
[Site "Graz"]
[Date "2011.01.16"]
[Round "6"]
[White "Schuetz, Christian"]
[Black "Nickl, Klaus"]
[Result "0-1"]
[WhiteElo "1943"]
[BlackElo "2144"]
[PlyCount "80"]
[EventDate "2011.01.07"]
[EventType "swiss"]
[EventRounds "7"]
[EventCountry "AUT"]
[SourceTitle "CBM 140 Extra"]
[Source "ChessBase"]
[SourceDate "2011.03.01"]
[SourceVersion "1"]
[SourceVersionDate "2011.03.01"]
[SourceQuality "1"]

1. Nf3 Nf6 2. d4 g6 3. c4 Bg7 4. Nc3 0-0 5. g3 d6 6. Bg2 Nc6 7. 0-0 Bd7 8. e4 e5 9. d5 Na5 10. Qd3 b6 11. b4 Nb7 12. Be3 Ng4 13. Bg5 f6 14. Bd2 Kh8 15. h3 Nh6 16. Rac1 Nf7 17. Ne1 f5 18. Qc2 Ng5 19. f4 Nxe4 20. Nxe4 fxe4 21. Qxe4 a5 22. a3 axb4 23. axb4 Ra2 24. Bc3 Qe7 25. g4 Qh4 26. Nd3 Qg3 27. Be1 Rxg2+ 28. Qxg2 Qxd3 29. Rc3 Qd4+ 30. Qf2 exf4 31. Rc2 Qd3 32. Qe2 Qxh3 33. Qe7 Qxg4+ 34. Rg2 Qf5 35. Bd2 Bd4+ 36. Rff2 Kg8 37. Qh4 Qd3 38. Kh2 Rf5 39. Re2 Be5 40. Rxe5 dxe5 0-1

[Event "Graz op-A 16th"]
[Site "Graz"]
[Date "2009.08.30"]
[Round "2"]
[White "Schuetz, Christian"]
[Black "Schriebl, Alexander"]
[Result "1/2-1/2"]
[WhiteElo "1940"]
[BlackElo "2121"]
[PlyCount "33"]
[EventDate "2009.08.29"]
[EventType "swiss"]
[EventRounds "9"]
[EventCountry "AUT"]
[SourceTitle "CBM 132 Extra"]
[Source "ChessBase"]
[SourceDate "2009.11.03"]
[SourceVersion "1"]
[SourceVersionDate "2009.11.03"]
[SourceQuality "1"]

1. d4 Nf6 2. c4 g6 3. Nc3 d5 4. Qb3 dxc4 5. Qxc4 Bg7 6. e4 0-0 7. Be2 c6 8. Nf3 b5 9. Qd3 Qa5 10. 0-0 b4 11. Nd1 Ba6 12. Qe3 Ng4 13. Qd2 Bh6 14. Ne3 Rd8 15. Bxa6 Nxa6 16. Qc2 Nxe3 17. Bxe3 1/2-1/2

[Event "Graz-chA"]
[Site "Graz"]
[Date "2009.01.10"]
[Round "2"]
[White "Schink, Barbara"]
[Black "Schuetz, Christian"]
[Result "1/2-1/2"]
[WhiteElo "2031"]
[BlackElo "1900"]
[PlyCount "36"]
[EventDate "2009.01.09"]
[EventType "swiss"]
[EventRounds "7"]
[EventCountry "AUT"]
[SourceTitle "EXT 2011"]
[Source "ChessBase"]
[SourceDate "2010.11.26"]
[SourceVersion "1"]
[SourceVersionDate "2010.11.26"]
[SourceQuality "1"]

1. e4 g6 2. d4 Bg7 3. Nc3 d6 4. f4 c6 5. Nf3 Bg4 6. Be2 Qb6 7. e5 Nh6 8. Ne4 0-0 9. c3 Rd8 10. exd6 exd6 11. 0-0 Nf5 12. h3 Bxf3 13. Rxf3 d5 14. Nc5 Nd7 15. Nxd7 Rxd7 16. g4 Nd6 17. f5 f6 18. Bd3 g5 1/2-1/2

[Event "Graz op-B"]
[Site "Graz"]
[Date "2008.09.05"]
[Round "7"]
[White "Kravanja, Georg"]
[Black "Schuetz, Christian"]
[Result "1/2-1/2"]
[WhiteElo "1949"]
[BlackElo "1900"]
[PlyCount "80"]
[EventDate "2008.08.30"]
[EventType "swiss"]
[EventRounds "9"]
[EventCountry "AUT"]
[SourceTitle "EXT 2022"]
[Source "ChessBase"]
[SourceDate "2021.10.06"]
[SourceVersion "1"]
[SourceVersionDate "2021.10.06"]
[SourceQuality "1"]

1. e4 c5 2. Nf3 Nc6 3. d4 cxd4 4. Nxd4 Nf6 5. Nc3 e5 6. Ndb5 d6 7. Bg5 a6 8. Na3 b5 9. Nd5 Be7 10. Bxf6 Bxf6 11. c4 0-0 12. cxb5 Nd4 13. b6 Bb7 14. Bc4 Rc8 15. 0-0 Bxd5 16. Bxd5 Qxb6 17. Nc4 Qc7 18. Qa4 Ne2+ 19. Kh1 Nf4 20. Ne3 Nxd5 21. Nxd5 Qc4 22. Qd7 Rc6 23. b3 Qc3 24. b4 Qc4 25. Qf5 Rfc8 26. f4 Qd4 27. Rad1 Qb2 28. a4 Qe2 29. Rde1 Qd3 30. fxe5 dxe5 31. Ne7+ Bxe7 32. Qxf7+ Kh8 33. Qxe7 Qd6 34. Qxd6 Rxd6 35. b5 axb5 36. axb5 g6 37. Rb1 Rb8 38. Rfc1 Rd4 39. b6 Rd7 40. Rc5 Rxb6 1/2-1/2